Biblioteca

¿Qué haremos nosotros con nuestro querido planeta? : (Registro nro. 49746)

Detalles MARC
000 -LÍDER
Campo fijo de descripción fija 01141aab a2200217 4500
001 - NÚMERO DE CONTROL
Campo de control 768714001
003 - IDENTIFICADOR DEL NÚMERO DE CONTROL
Campo de control CO-MdFUSB
005 - FECHA Y HORA DE LA ULTIMA TRANSACCIÓN
control field 20240530124803.0
008 - ELEMENTOS DE LONGITUD FIJA -- INFORMACIÓN GENERAL
Campo fijo de descripción fija -- Información general 170508s1992 cr ||||| |||| 00| 0 spa d
022 ## - NÚMERO INTERNACIONAL NORMALIZADO PARA PUBLICACIONES SERIADAS
Número Internacional Normalizado para Publicaciones Seriadas 1409-1968
040 ## - FUENTE DE CATALOGACIÓN
Agencia Catalogadora CO-MdFUSB
Idioma de catalogación spa
Agencia que realiza la transcripción CO-MdFUSB
Agencia que realiza la modificación CO-MdFUSB
041 ## - CÓDIGO DE IDIOMA
Código de idioma para texto/pista de sonido o título separado spa
100 1# - ASIENTO PRINCIPAL--NOMBRE PERSONAL
Nombre personal Castillo Verdejo, Humberto del
Término relacionador autor
245 10 - TÍTULO
Título ¿Qué haremos nosotros con nuestro querido planeta? :
Subtitulo nuestra mayordomía ecológica
Mención de responsabilidad / Humberto del Castillo Verdejo
300 ## - DESCRIPCIÓN FÍSICA
Extensión Volumen 10. Número 2 (1992), páginas 5-9
Dimensiones : 27 cm.
520 ## - NOTA DE RESUMEN, ETC.
Nota de sumario, etc. ¿Somos responsables como individuos, o sólo como parte de una comunidad? <br/>¿Vale la pena asumir la responsabilidad personal cuando hay poderes tan grandes y destructores que continúan su camino sin hacer nada al respecto?<br/>En Cristo, Dios el Padre crea, sostiene, y si es necesario redime sacrificialmente la creación, la cual "gime" por una redención y restauración.
650 #7 - ASIENTO SECUNDARIO DE MATERIA - TERMINO TEMÁTICO
Término temático o nombre geográfico como elemento de entrada Ecología humana
Subdivisión general Aspectos religiosos
9 (RLIN) 7097
773 0# - ASIENTO DE ITEM FUENTE
Título Apuntes Pastorales
Biblionumber 49442
Itemnumber 60182
Parte(s) relacionada(s) / Volumen., número. (mes año), páginas Volumen 10. Número 2 (1992), páginas 5-9
Enumeración y primera página Página 5
942 ## - TIPO DE MATERIAL (KOHA)
Tipo de Item KOHA Artículos de Revista
945 ## - INFORMACIÓN LOCAL DEL REGISTRO
Catalogador JTF-925

No hay ítems disponibles.

Biblioteca FUSBC | Teléfono: (57+4) 349 88 10 Ext. 141| WhatsApp (+57) 3005338115 
E-mail: biblioteca@unisbc.edu.co | Calle 76 87-14 Robledo Palenque, Medellín, Colombia

Con tecnología Koha